Best NFL Player At Each Position - Statistics

General Stats
  • This quiz has been taken 24 times
  • The average score is 6 of 24
Answer Stats
Positions Answer % Correct
Qb Patrick Mahomes
100%
Wr Justin Jefferson
95%
Te Travis Kelce
80%
K Justin Tucker
50%
Dt Chris Jones
35%
Cb Jalen Ramsey
35%
Lolb Tj Watt
35%
Mlb Fred Warner
30%
C Jason Kelce
30%
Rb Josh Jacobs
25%
Lg Quenton Nelson
15%
Ss Derwin James
10%
Rolb Micah Parsons
10%
Ls Alex Ward
0%
Re Arron Donald
0%
P Cameron Johnston
0%
Rt David Bakhtiari
0%
Le Demarcus Lawrence
0%
Kr Keisean Nixon
0%
Fb Kyle Juszczyk
0%
Fs Minkah Fitzpatrick
0%
Pr Rashid Shaheed
0%
Lt Trent Willaims
0%
Rg Zach Martin
0%
No matching quizzes found
Score Distribution
Percent of People with Each Score
Percentile by Number Answered
Your Score History
You have not taken this quiz